The Indian practitioner (Record no. 22704)

MARC details
000 -LEADER
fixed length control field 00753nam a22002057a 4500
005 - DATE AND TIME OF LATEST TRANSACTION
control field 20090131103356.0
008 - FIXED-LENGTH DATA ELEMENTS--GENERAL INFORMATION
fixed length control field 090131t xxu||||| |||| 00| 0 eng d
022 ## - INTERNATIONAL STANDARD SERIAL NUMBER
International Standard Serial Number 0019-6169
040 ## - CATALOGING SOURCE
Original cataloging agency dpl
082 ## - DEWEY DECIMAL CLASSIFICATION NUMBER
Classification number 610
245 ## - TITLE STATEMENT
Title The Indian practitioner
Remainder of title a monthly journal devoted to medicine, surgery and public health
260 ## - PUBLICATION, DISTRIBUTION, ETC. (IMPRINT)
Place of publication, distribution, etc Mumbai
Name of publisher, distributor, etc A Peters
Date of publication, distribution, etc 2008-
300 ## - PHYSICAL DESCRIPTION
Extent v.
Dimensions 26 cm
310 ## - CURRENT PUBLICATION FREQUENCY
Current publication frequency monthly
650 ## - SUBJECT ADDED ENTRY--TOPICAL TERM
Topical term or geographic name as entry element Medicine
650 ## - SUBJECT ADDED ENTRY--TOPICAL TERM
Topical term or geographic name as entry element Surgery
270 ## - ADDRESS
Address 29/30, Aishwarya Towers, 159-B, Vidyanagari Marg, Kalina Santa Cruz
City Mumbai
Postal code 400098
Telephone number 26650170, 26650329
Fax number 26651747
Electronic mail address godinho@vsnl.com
942 ## - ADDED ENTRY ELEMENTS (KOHA)
Source of classification or shelving scheme Dewey Decimal Classification
Item type Periodicals
Classification part 610
Call number suffix IND
Serial record 1
Holdings
Withdrawn status Lost status Source of classification or shelving scheme Damaged status Not for loan Collection code Home library Current library Date acquired Total Checkouts Full call number Date last seen Price effective from Koha item type
    Dewey Decimal Classification   Not For Loan Non-fiction D.B.Act.Division D.B.Act.Division 31/01/2009   610 IND 31/01/2009 31/01/2009 Periodicals

© Delhi Public Library
Hit Counter
free hit counter